| 000 | 00401nam a2200157Ia 4500 | ||
|---|---|---|---|
| 008 | 230312s9999||||xx |||||||||||||| ||und|| | ||
| 020 | _a0-13-505462-1 | ||
| 082 |
_a320 _bJAC-C |
||
| 100 | _aJackson;Robert.J | ||
| 245 | 0 | _aComparative Introduction to Political Science | |
| 260 |
_bPearsons _aIndia _c1997 |
||
| 300 | _a474 | ||
| 546 | _aEng. | ||
| 650 |
_aEconomics _vPolitical Science |
||
| 942 | _cBK | ||
| 999 |
_c9404 _d9404 |
||